El Senyal de la Generalitat de Catalunya
ISBN:
84-393-0351-3
Publicado:
Barcelona :
Generalitat de Catalunya. Departament de la Presidència. Servei Central de Publicacions : Departament Adjunt a la Presidència ,
1984
Descripción Física:
35 p. : il. ; 30 cm + mostres per a reproduccions del senyal
Colección:
Quaderns de disseny ; 0
Otros Autores:
Catalunya. Departament Adjunt a la Presidència
MARC
| LEADER | 00000nam a2200000Ia 4500 | ||
|---|---|---|---|
| 001 | 1345 | ||
| 008 | 160829s1984 xx 000 0 cat d | ||
| 020 | |a 84-393-0351-3 | ||
| 080 | |a FU-17-23 | ||
| 245 | |a El Senyal de la Generalitat de Catalunya | ||
| 250 | |a Ed. oficial | ||
| 260 | |a Barcelona : |b Generalitat de Catalunya. Departament de la Presidència. Servei Central de Publicacions : |b Departament Adjunt a la Presidència, |c 1984 | ||
| 300 | |a 35 p. : |b il. ; |c 30 cm + mostres per a reproduccions del senyal | ||
| 490 | |a Quaderns de disseny ; 0 | ||
| 650 | |a Emblemes nacionals |x Catalunya |x Disseny |9 35462 | ||
| 700 | |a Catalunya. Departament Adjunt a la Presidència |9 35463 | ||
| 710 | |a Catalunya. |b Departament de la Presidència |9 10777 | ||
| 901 | |a Arxiu | ||
| 942 | |n 1 | ||
| 952 | |0 0 |1 0 |4 0 |6 FU1723 |7 1 |9 46911 |a Arxiu |b Arxiu |d 2016-12-01 |l 0 |o FU-17-23 |p 1345 |r 2016-12-01 00:00:00 |w 2016-12-01 |y ARXIU | ||
| 999 | |c 50704 |d 50704 | ||